[Event "ARG-ch U18"]
[Site "Ibague"]
[Date "2024.03.15"]
[Round "2"]
[White "Gaona Ballesteros, Andres"]
[Black "Cabiativa, Juan Esteban"]
[Result "1/2-1/2"]
[WhiteElo "1768"]
[BlackElo "2068"]
[PlyCount "177"]
[EventDate "2024.03.14"]
[EventType "swiss"]
[EventRounds "7"]
[EventCountry "COL"]
[SourceTitle "CB12_2024"]
[SourceDate "2023.10.01"]
[SourceVersion "1"]
[SourceVersionDate "2023.10.01"]
[SourceQuality "1"]

1. e4 c5 2. Nf3 Nc6 3. d4 cxd4 4. Nxd4 Nf6 5. Nc3 d6 6. Bg5 e6 7. Qd2 a6 8. 0-0-0 Bd7 9. f3 Nxd4 10. Qxd4 Be7 11. Kb1 b5 12. h4 Qc7 13. Qd2 h6 14. Be3 b4 15. Ne2 a5 16. Nd4 Rb8 17. g4 a4 18. Bd3 e5 19. Nf5 Bxf5 20. exf5 Nd5 21. Ka1 a3 22. Rb1 axb2+ 23. Rxb2 e4 24. Bxe4 Nxe3 25. Qxe3 Bf6 26. Bd5+ Qe7 27. Qxe7+ Kxe7 28. Re1+ Kd8 29. Bxf7 Bxh4 30. Re6 Bf6 31. Rxd6+ Ke7 32. Rxf6 Kxf6 33. Bd5 Rhd8 34. Be4 Ke5 35. Rb3 Rd7 36. Kb2 Rc7 37. Rd3 Rb6 38. Rd5+ Kf4 39. Rd4 Ke3 40. Rd3+ Ke2 41. Rd4 Ra7 42. Kb3 Ra3+ 43. Kc4 Rc3+ 44. Kd5 Kf2 45. Rc4 Rb5+ 46. Kd4 Ra3 47. Rc7 Rxa2 48. Rxg7 Ra4 49. Kd3 b3 50. cxb3 Rxb3+ 51. Kc2 Re3 52. Rc7 Ra2+ 53. Kb1 Ra6 54. Rc2+ Kg3 55. Kc1 Kf4 56. Kd2 Rd6+ 57. Kc1 Ke5 58. Rd2 Ra6 59. Rc2 Rb3 60. Kd2 Rd6+ 61. Ke2 Kf4 62. Rd2 Rdb6 63. Kf2 h5 64. gxh5 Rh6 65. Ke2 Rxh5 66. f6 Rb6 67. f7 Rf6 68. Rd7 Rh8 69. Kd3 Rf8 70. Bd5 Ke5 71. Ke3 Rb6 72. f4+ Kf6 73. Rc7 Rd8 74. Rd7 Rbb8 75. Rxd8 Rxd8 76. Ke4 Ke7 77. f5 Rb8 78. Be6 Kf6 79. Kd5 Ke7 80. Kc6 Rb2 81. f6+ Kf8 82. Kd6 Re2 83. Kd5 Re1 84. Kd6 Rf1 85. Ke5 Ra1 86. Kd6 Ra5 87. Bd5 Ra6+ 88. Ke5 Rb6 89. Be6 1/2-1/2

[Event "COL-chT"]
[Site "Santa Marta"]
[Date "2022.11.04"]
[Round "4.1"]
[White "Munoz Galvez, Jhon Edison"]
[Black "Gaona Ballesteros, Andres"]
[Result "1-0"]
[WhiteElo "2304"]
[BlackElo "1443"]
[PlyCount "43"]
[EventDate "2022.11.02"]
[EventType "team-swiss"]
[EventRounds "7"]
[EventCountry "COL"]
[SourceTitle "CBM 211 Extra"]
[Source "ChessBase"]
[SourceDate "2023.01.31"]
[SourceVersion "1"]
[SourceVersionDate "2023.01.31"]
[SourceQuality "1"]
[WhiteTeam "Caldas"]
[BlackTeam "Boyaca"]
[WhiteTeamCountry "COL"]
[BlackTeamCountry "COL"]

1. d4 f5 2. c4 e6 3. g3 Nf6 4. Bg2 Bb4+ 5. Bd2 Bxd2+ 6. Qxd2 0-0 7. Nh3 d6 8. Nc3 e5 9. 0-0 c6 10. Rad1 Qe7 11. e4 f4 12. dxe5 dxe5 13. gxf4 Bxh3 14. Bxh3 Nh5 15. fxe5 Nf4 16. Qe3 Qxe5 17. Kh1 Rf6 18. Rd8+ Kf7 19. Rg1 Rh6 20. Rg3 Rh4 21. Bg4 Qg5 22. Be6+ 1-0

[Event "COL-chT"]
[Site "Santa Marta"]
[Date "2022.11.02"]
[Round "1.1"]
[White "Gaona Ballesteros, Andres"]
[Black "Zambrano Erazo, Esteban Santiago"]
[Result "1-0"]
[WhiteElo "1443"]
[BlackElo "1501"]
[PlyCount "49"]
[EventDate "2022.11.02"]
[EventType "team-swiss"]
[EventRounds "7"]
[EventCountry "COL"]
[SourceTitle "CBM 211 Extra"]
[Source "ChessBase"]
[SourceDate "2023.01.31"]
[SourceVersion "1"]
[SourceVersionDate "2023.01.31"]
[SourceQuality "1"]
[WhiteTeam "Boyaca"]
[BlackTeam "Narino II"]
[WhiteTeamCountry "COL"]
[BlackTeamCountry "COL"]

1. d4 d5 2. Nc3 e6 3. Bf4 c5 4. e3 Nf6 5. Nf3 Nbd7 6. Nb5 e5 7. Nxe5 Nb8 8. Nxf7 Kxf7 9. Nc7 Bd6 10. Bxd6 Qxd6 11. Nxa8 cxd4 12. Qxd4 Nc6 13. Qd3 Nb4 14. Qb3 Bf5 15. Bd3 Ne4 16. Bxe4 Bxe4 17. 0-0 Bxc2 18. Qc3 Rxa8 19. a3 Bd3 20. Rfd1 Nc2 21. Rac1 Bf5 22. Rxc2 Rc8 23. Qxc8 Bxc8 24. Rxc8 Qe5 25. Rd4 1-0

[Event "COL-chT Blitz"]
[Site "Santander"]
[Date "2022.09.10"]
[Round "1.4"]
[White "Gaona Ballesteros, Andres"]
[Black "Acosta Angulo, Mariana Valentina"]
[Result "0-1"]
[WhiteElo "1526"]
[BlackElo "1383"]
[PlyCount "54"]
[EventDate "2022.09.10"]
[EventType "team-swiss (blitz)"]
[EventRounds "9"]
[EventCountry "COL"]
[SourceTitle "EXT 2023"]
[Source "ChessBase"]
[SourceDate "2022.10.05"]
[SourceVersion "1"]
[SourceVersionDate "2022.10.05"]
[SourceQuality "1"]
[WhiteTeam "Boyaca"]
[BlackTeam "Valle II"]
[WhiteTeamCountry "COL"]
[BlackTeamCountry "COL"]

1. e4 c5 2. Nf3 e6 3. d4 cxd4 4. Nxd4 a6 5. Nc3 b5 6. a3 Bb7 7. Bd3 Qc7 8. 0-0 Be7 9. h3 Nf6 10. Re1 d6 11. Nf3 Nbd7 12. Bf4 0-0 13. e5 dxe5 14. Nxe5 Nxe5 15. Bxe5 Qc6 16. f3 Rfd8 17. Qe2 Rac8 18. Rad1 Qb6+ 19. Kh1 Nh5 20. Be4 Bd6 21. Bxd6 Rxd6 22. Kh2 Rcd8 23. Bxb7 Qxb7 24. Qe5 Rxd1 25. Rxd1 Rxd1 26. Nxd1 Nf6 27. Nc3 h6 0-1

[Event "COL-chT"]
[Site "Bucaramanga"]
[Date "2022.09.08"]
[Round "5.1"]
[White "Gaona Ballesteros, Andres"]
[Black "Gonzalez Velasco, Leandro"]
[Result "1/2-1/2"]
[WhiteElo "1424"]
[BlackElo "1999"]
[PlyCount "72"]
[EventDate "2022.09.06"]
[EventType "team-swiss"]
[EventRounds "7"]
[EventCountry "COL"]
[SourceTitle "CBM 210 Extra"]
[Source "ChessBase"]
[SourceDate "2022.11.30"]
[SourceVersion "1"]
[SourceVersionDate "2022.11.30"]
[SourceQuality "1"]
[WhiteTeam "Boyaca"]
[BlackTeam "Valle II"]
[WhiteTeamCountry "COL"]
[BlackTeamCountry "COL"]

1. Nf3 Nf6 2. g3 g6 3. Bg2 Bg7 4. 0-0 0-0 5. d4 d6 6. c4 Nbd7 7. Nc3 e5 8. e4 a6 9. d5 b5 10. Nd2 b4 11. Na4 Nb6 12. Nxb6 cxb6 13. a3 bxa3 14. Rxa3 Bd7 15. b4 Qc7 16. Qb3 b5 17. Bb2 Bh6 18. f4 Nh5 19. Qc3 f6 20. fxe5 fxe5 21. Rxf8+ Rxf8 22. Rxa6 Bxd2 23. Qxd2 bxc4 24. Qe3 Rb8 25. Bc3 Ng7 26. Bf1 Bb5 27. Ra7 Rb7 28. Ra8+ Rb8 29. Ra7 Rb7 30. Ra8+ Ne8 31. Bh3 Qb6 32. Qxb6 Rxb6 33. Be6+ Kg7 34. Ra7+ Kh6 35. Bd7 Bxd7 36. Rxd7 Nf6 1/2-1/2

[Event "COL-chT"]
[Site "Bucaramanga"]
[Date "2022.09.06"]
[Round "1.1"]
[White "Gaona Ballesteros, Andres"]
[Black "Gomez, William"]
[Result "1/2-1/2"]
[WhiteElo "1424"]
[BlackElo "1769"]
[PlyCount "115"]
[EventDate "2022.09.06"]
[EventType "team-swiss"]
[EventRounds "7"]
[EventCountry "COL"]
[SourceTitle "CBM 210 Extra"]
[Source "ChessBase"]
[SourceDate "2022.11.30"]
[SourceVersion "1"]
[SourceVersionDate "2022.11.30"]
[SourceQuality "1"]
[WhiteTeam "Boyaca"]
[BlackTeam "Casanare"]
[WhiteTeamCountry "COL"]
[BlackTeamCountry "COL"]

1. e4 c5 2. Nf3 d6 3. d4 cxd4 4. Nxd4 Nf6 5. Nc3 a6 6. f3 e6 7. Be3 Nbd7 8. Qd2 b5 9. a3 Bb7 10. Be2 d5 11. exd5 Nxd5 12. Nxd5 Bxd5 13. 0-0 Bc5 14. Rac1 Nb6 15. Rfd1 0-0 16. Nb3 Bxe3+ 17. Qxe3 Qc7 18. Nd2 Na4 19. c4 bxc4 20. Nxc4 Qa7 21. b3 Qxe3+ 22. Nxe3 Nb6 23. Nxd5 Nxd5 24. Rc6 Rfb8 25. Bc4 g6 26. Rd3 Nb6 27. Rdd6 Nxc4 28. bxc4 Rc8 29. Kf2 a5 30. Ke3 Rxc6 31. Rxc6 Rb8 32. Kd4 Rb3 33. Rc8+ Kg7 34. Ra8 Rxa3 35. c5 Ra2 36. Ke5 Rxg2 37. c6 Rc2 38. Kd6 Rd2+ 39. Ke7 Rc2 40. Kd7 Rd2+ 41. Kc8 Rxh2 42. c7 Rc2 43. Kd7 g5 44. c8Q Rxc8 45. Rxc8 h5 46. Ke7 Kg6 47. Rc5 a4 48. Ra5 h4 49. Rxa4 Kf5 50. Kxf7 h3 51. Ra8 e5 52. Ra4 h2 53. Ra1 g4 54. fxg4+ Kxg4 55. Ke6 e4 56. Ke5 Kf3 57. Rh1 Kg2 58. Rxh2+ 1/2-1/2

[Event "Feria de las Flores 28th"]
[Site "Medellin"]
[Date "2021.08.05"]
[Round "3"]
[White "Jimenez, Joseph"]
[Black "Gaona Ballesteros, Andres"]
[Result "1-0"]
[WhiteElo "1831"]
[BlackElo "1423"]
[PlyCount "53"]
[EventDate "2021.08.04"]
[EventType "swiss"]
[EventRounds "9"]
[EventCountry "COL"]
[SourceTitle "EXT 2022"]
[Source "ChessBase"]
[SourceDate "2021.10.06"]
[SourceVersion "1"]
[SourceVersionDate "2021.10.06"]
[SourceQuality "1"]

1. e4 c5 2. Nf3 a6 3. c4 Nc6 4. Nc3 e5 5. d3 d6 6. Be2 Be7 7. 0-0 Nf6 8. Ne1 0-0 9. f4 exf4 10. Bxf4 Nd4 11. Nc2 Nxc2 12. Qxc2 Bg4 13. Bxg4 Nxg4 14. Qe2 Nf6 15. Rf3 Nh5 16. Nd5 Nxf4 17. Rxf4 Bg5 18. Rf3 b5 19. b3 b4 20. Raf1 Ra7 21. Rg3 Kh8 22. Qh5 Bd2 23. Rgf3 Qe8 24. R1f2 Bh6 25. Rf6 Be3 26. Nxe3 gxf6 27. Ng4 1-0

[Event "COL-ch U15"]
[Site "Bogota"]
[Date "2019.12.08"]
[Round "6.6"]
[White "Mora Munoz, Alejandro"]
[Black "Gaona Ballesteros, Andres"]
[Result "1/2-1/2"]
[WhiteElo "1513"]
[BlackElo "1484"]
[PlyCount "62"]
[EventDate "2019.12.06"]
[EventType "swiss"]
[EventRounds "6"]
[EventCountry "COL"]
[SourceTitle "EXT 2024"]
[Source "ChessBase"]
[SourceDate "2023.10.10"]
[SourceVersion "1"]
[SourceVersionDate "2023.10.10"]
[SourceQuality "1"]

1. e4 c5 2. d3 Nc6 3. f4 d5 4. e5 e6 5. Nf3 Nge7 6. g3 b6 7. Bg2 Bb7 8. 0-0 d4 9. Nbd2 Nd5 10. Ne4 Be7 11. Qe2 0-0 12. a3 a5 13. g4 b5 14. f5 exf5 15. gxf5 f6 16. e6 Ne5 17. Nxe5 fxe5 18. Qg4 Ne3 19. Bxe3 dxe3 20. Rf3 Bxe4 21. dxe4 e2 22. Rg3 Bf6 23. Qxe2 Qd4+ 24. Kh1 Qxb2 25. Rd1 Rfd8 26. Rgd3 Rd4 27. Rxd4 cxd4 28. Bf1 Qxa3 29. Qxb5 Qf3+ 30. Kg1 Qe3+ 31. Kh1 Qf3+ 1/2-1/2

[Event "Bogota Parada UNCOLI 1920 1st "]
[Site "Bogota"]
[Date "2019.09.24"]
[Round "1.1"]
[White "Gaona Ballesteros, Andres"]
[Black "Akerman, Moises"]
[Result "1-0"]
[WhiteElo "1500"]
[BlackElo "1300"]
[PlyCount "111"]
[EventDate "2019.09.24"]
[EventType "swiss"]
[EventRounds "5"]
[EventCountry "COL"]
[SourceTitle "EXT 2024"]
[Source "ChessBase"]
[SourceDate "2023.10.10"]
[SourceVersion "1"]
[SourceVersionDate "2023.10.10"]
[SourceQuality "1"]

1. d4 e6 2. c4 d5 3. Nf3 c5 4. g3 Nc6 5. cxd5 Qxd5 6. Nc3 Qd8 7. d5 Nb4 8. e4 Nf6 9. Bg5 Be7 10. a3 Na6 11. d6 Bxd6 12. e5 h6 13. Bxf6 gxf6 14. Qxd6 Qa5 15. exf6 Qd8 16. Bb5+ Bd7 17. Bxd7+ Qxd7 18. Qxd7+ Kxd7 19. Ne5+ Kd6 20. Nxf7+ Kd7 21. Nxh8 Rxh8 22. 0-0-0+ Ke8 23. Ne4 Nc7 24. Nd6+ Kf8 25. Nxb7 Nd5 26. Nxc5 Kf7 27. Ne4 Rc8+ 28. Nc3 Nxf6 29. Kb1 Ng4 30. h3 Nxf2 31. Rhf1 Ke7 32. Rxf2 e5 33. Nb5 a6 34. Nc3 Ke6 35. Re2 Rc5 36. Rd5 Rc8 37. Rdxe5+ Kf6 38. Re6+ Kg7 39. Rxa6 Rf8 40. Re7+ Kg8 41. Raa7 Rf1+ 42. Ka2 Kf8 43. Rec7 Re1 44. Ra8+ Re8 45. Rxe8+ Kxe8 46. a4 Kd8 47. Rh7 h5 48. Rb7 Kc8 49. Rb3 h4 50. g4 Kc7 51. a5 Kc6 52. a6 Kc5 53. a7 Kc4 54. a8Q Kc5 55. Rb5+ Kc4 56. Qe4# 1-0

[Event "COL-ch sf3 U12"]
[Site "Zipaquira"]
[Date "2017.04.01"]
[Round "5.5"]
[White "Gaona Ballesteros, Andres"]
[Black "Luna Velandia, Juan Sebastian"]
[Result "0-1"]
[WhiteElo "1557"]
[BlackElo "1487"]
[PlyCount "58"]
[EventDate "2017.03.30"]
[EventType "swiss"]
[EventRounds "6"]
[EventCountry "COL"]
[SourceTitle "EXT 2024"]
[Source "ChessBase"]
[SourceDate "2023.10.10"]
[SourceVersion "1"]
[SourceVersionDate "2023.10.10"]
[SourceQuality "1"]

1. c4 c5 2. Nc3 d6 3. g3 g6 4. Bg2 Bg7 5. d3 Nf6 6. Nf3 0-0 7. 0-0 Bf5 8. Nh4 Be6 9. Bxb7 Nbd7 10. Bxa8 Qxa8 11. Be3 Qb7 12. Qc2 Ng4 13. Nf3 Nxe3 14. fxe3 Bh3 15. Rfb1 Ne5 16. Kf2 Ng4+ 17. Kg1 Nxe3 18. Qb3 Qa8 19. Nd1 Rb8 20. Qa4 Rb4 21. Qa5 Nc2 22. a3 Nxa1 23. axb4 Nb3 24. Qa4 Nd2 25. Ra1 Nxf3+ 26. Kf2 Ng1 27. Ke1 Qh1 28. Kd2 Qg2 29. b5 Qxh2 0-1

[Event "COL-ch School U09"]
[Site "Bogota"]
[Date "2014.11.16"]
[Round "3.3"]
[White "Velasquez, Joan Sebastian"]
[Black "Gaona Ballesteros, Andres"]
[Result "1-0"]
[WhiteElo "1444"]
[BlackElo "1399"]
[PlyCount "81"]
[EventDate "2014.11.14"]
[EventType "swiss"]
[EventRounds "6"]
[EventCountry "COL"]
[SourceTitle "EXT 2024"]
[Source "ChessBase"]
[SourceDate "2023.10.10"]
[SourceVersion "1"]
[SourceVersionDate "2023.10.10"]
[SourceQuality "1"]

1. e4 d6 2. Nf3 g6 3. Nc3 Bg7 4. b3 Nf6 5. d3 0-0 6. Bb2 e5 7. g3 Nc6 8. Bg2 Bd7 9. 0-0 Bg4 10. Qd2 Bxf3 11. Bxf3 Nd4 12. Bg2 h5 13. Ne2 c5 14. Nxd4 cxd4 15. a4 d5 16. exd5 Nxd5 17. c4 Nb4 18. Rac1 Na2 19. Rc2 Qd6 20. Ba1 Nb4 21. Rcc1 Rab8 22. c5 Qc7 23. Qxb4 a5 24. Qb6 Qxb6 25. cxb6 f5 26. Rc7 f4 27. Bxb7 e4 28. dxe4 d3 29. Rxg7+ Kh8 30. Rd7+ Kg8 31. Bd5+ Rf7 32. Bxf7+ Kf8 33. Rxd3 Rxb6 34. Bc4 f3 35. e5 g5 36. e6 Rxe6 37. Rxf3+ Rf6 38. Rxf6+ Kg7 39. Re1 g4 40. Re7+ Kh8 41. Rf8# 1-0